000 00345nam a2200133Ia 4500
005 20260328104313.0
008 260328s9999||||xx |||||||||||||| ||und||
100 _aOdermatt, André
245 0 _aFloor Plan Manual :
_b Non - Profit housing /
_cAndré Odermatt
260 _bHochparterre
300 _a1351 p.
650 _aPLANOS
942 _cBK
999 _c11038
_d11038